King Charles III becomes Royal Patron of RICS (Record no. 121937)

MARC details
000 -LEADER
fixed length control field 01090nam a22002057a 4500
008 - FIXED-LENGTH DATA ELEMENTS--GENERAL INFORMATION
fixed length control field 240522t2024 xxk|||||o|||| 00| 0 eng d
041 ## - LANGUAGE CODE
Language code of text/sound track or separate title eng
110 ## - MAIN ENTRY--CORPORATE NAME
Corporate author Royal Institution of Chartered Surveyors
245 ## - TITLE STATEMENT
Title King Charles III becomes Royal Patron of RICS
Medium [Electronic resource]
260 ## - PUBLICATION INFORMATION
Place of publication London,
Publisher Royal Institution of Chartered Surveyors,
Date 21 May 2024
500 ## - GENERAL NOTE
General note Letter from His Majesty King Charles III dated 3rd May is kept in the RICS Library archives ref 2024/1.
520 ## - ABSTRACT
Abstract Press Release: The Royal Institution of Chartered Surveyors (RICS) is honoured and proud to announce that His Majesty, King Charles III, has become patron of the Institution. This marks an historic continuation of royal support since 1881, when RICS first received its Royal Charter.
650 ## - KEYWORDS
Keywords ROYAL PATRONAGE
650 ## - KEYWORDS
Keywords KING'S PATRONAGE
651 ## - SUBJECT ADDED ENTRY--GEOGRAPHIC NAME
Geographic name International
690 ## - BROAD SUBJECT
Broad subject RICS
9 (RLIN) 6277
710 ## - ADDED CORPORATE NAME
Added corporate author Royal Institution of Chartered Surveyors
856 ## - ONLINE RESOURCE
Uniform Resource Identifier <a href="https://www.rics.org/news-insights/king-charles-iii-becomes-royal-patron-of-rics">https://www.rics.org/news-insights/king-charles-iii-becomes-royal-patron-of-rics</a>
Public note Available on RICS.org
942 ## - ADDED ENTRY ELEMENTS (KOHA)
Suppress in OPAC Do not suppress in OPAC
Holdings
Lost status Damaged status Not for loan Current library Shelving location Date acquired Total Checkouts Full call number Date last seen Price effective from Koha item type
      Virtual Online 22/05/2024   PRESS RELEASE 22/05/2024 22/05/2024 News article